| 000 | 00609ctm a22001815a 4500 | ||
|---|---|---|---|
| 001 | L156882 | ||
| 008 | 120724s1838 xxk f 000 0 eng d | ||
| 035 | _a(Sirsi) u156882 | ||
| 041 | 0 | _aeng | |
| 245 | 0 | 0 |
_aShitlington, Beds. _h[manuscript] |
| 260 | _c[1838] | ||
| 300 |
_a1 v. _c22 cm. |
||
| 520 | _aThe book contains handwritten details of the occupiers and owners of property in Shitlington, Bedfordshire, together with details of annual values and value per acre. | ||
| 583 |
_aCondition reviewed _c20120620 _lcondition level 4 |
||
| 651 | 4 | _aBedfordshire | |
| 690 |
_aValuation _96273 |
||
| 942 | _n0 | ||
| 999 |
_c114468 _d114468 |
||